000 00394nam a22001571a 4500
020 _a9781860461736
082 _a823
_bRIC/W
100 _aRichard Ford
_9102883
245 _aWildlife/
_cby Richard Ford
260 _aLondon:
_bHarvill Press,
_c1990.
300 _a162
650 _aNovel English
_9102884
650 _aLiterature English
_9102885
650 _aLiterature
_9102886
942 _cBK
999 _c50896
_d50896